01355nam a2200301 a 450000500170000000800410001702000180005804000350007604100080011104400070011908200180012610000340014424502190017826001250039730000520052249000470057450400420062165000250066365000340068865000200072265000180074265000260076070000290078670000350081594200150085099900170086595201710088220180803170424.0130209s2012 ck a grb 00010 eng d a9789587612660 aCO-BoBLA cCO-BoBLAdCO-BoIAVH0 aeng ack04a584.92bG44g 1 aGiraldo Cañas, Diego Alonso14aThe genus Eragrostis (Poaceae: Chloridoideae) in northwestern South America (Colombia, Ecuador, and Peru) : bmorphological and taxonomic studies / cDiego Giraldo-Cañas, Paul M. Peterson, Isodoro Sánchez Vega. aBogotá (Colombia) : bUniversidad Nacional de Colombia. Facultad de Ciencias. Instituto de Ciencias Naturales, c2012. a195 páginas : bilustraciones ; c24 x 17 cm.0 aBiblioteca José Jerónimo Triana ; v24 aIncluye referencias bibliográficas.26aEragrostiszColombia26aPlantas herbáceaszColombia26aFlorazColombia26aFlorazPerú26aGramíneaszColombia1 aPeterson, Paul M.eautor1 aSánchez Vega, Isidoroeautor 2ddccLIBRO c19849d19849 00102ddc40708GENERALIINV2017aBogotabBogotad2017-09-22eInstitutog39000.00l0oLB-584.92 G44gp041681r2017-09-22 00:00:00tEj. 1w2017-09-22xDonacionyLIBRO